Zmysel čistej architektúry\\Biela /
Enregistré dans:
| Auteur principal: | |
|---|---|
| Autres auteurs: | |
| Format: | Manuscrit Livre |
| Langue: | slovaque |
| Publié: |
Bratislava :
Fakulta architektúry STU,
2018
|
| Sujets: | |
| Accès en ligne: | http://is.stuba.sk/zp/portal_zp.pl?podrobnosti=132460 |
| Tags: |
Pas de tags, Soyez le premier à ajouter un tag!
|
MARC
| LEADER | 00000ntm a22000003a 4500 | ||
|---|---|---|---|
| 001 | stuzp58062 | ||
| 003 | SK-STU | ||
| 005 | 20230316133905.6 | ||
| 007 | ta | ||
| 008 | 150427s2015----xo-----f-mn---000-0-slo-d | ||
| 035 | |a biblio/77851 |2 CREPC2 | ||
| 040 | |a STU |b slo | ||
| 041 | 0 | |a slo | |
| 044 | |a xo | ||
| 100 | 1 | |a Rosinová, Liana |u 053130. |k Z3 |4 aut |9 100 |X 15877 |U 053130. |Y 053130. |7 A000015877 | |
| 242 | 0 | 1 | |a The Meaning of Pure Architecture\\White. |y eng |
| 245 | 1 | 0 | |a Zmysel čistej architektúry\\Biela / |c aut. Liana Rosinová ; škol. Jarmila Bencová |
| 260 | |a Bratislava : |b Fakulta architektúry STU, |c 2018 | ||
| 300 | |a 159 s. | ||
| 650 | 4 | |a biela |2 slo | |
| 650 | 4 | |a Le Corbusier |2 slo | |
| 650 | 4 | |a moderna |2 slo | |
| 650 | 4 | |a čistota |2 slo | |
| 650 | 4 | |a gender |2 slo | |
| 650 | 4 | |a rasa |2 slo | |
| 650 | 4 | |a politika |2 slo | |
| 650 | 4 | |a hygiena |2 slo | |
| 650 | 4 | |a modern |2 eng | |
| 650 | 4 | |a purity |2 eng | |
| 650 | 4 | |a gender |2 eng | |
| 650 | 4 | |a race |2 eng | |
| 650 | 4 | |a white |2 eng | |
| 650 | 4 | |a politics |2 eng | |
| 650 | 4 | |a Le Corbusier |2 eng | |
| 650 | 4 | |a hygiene |2 eng | |
| 700 | 1 | |a Bencová, Jarmila |u 053130. |k Z1 |4 ths |X 415 |U 053130. |Y 053130. |7 A000000415 | |
| 856 | 4 | |u http://is.stuba.sk/zp/portal_zp.pl?podrobnosti=132460 |u https://opac.crzp.sk/?fn=detailBiblioForm&sid=65CF89236B0A7E1242D97FE040F7 | |
| 996 | |b 284AU07742 |c A* 10995/V |l AAKNST |s P |a 0 |w stuzp58062_0001 | ||